| 000 | 00429 a2200181 4500 | ||
|---|---|---|---|
| 003 | NUST | ||
| 020 | _a9694040086 | ||
| 038 | _aA | ||
| 082 |
_a954.9 _bQUR |
||
| 100 |
_aI.H.Qureshi. _981133 |
||
| 245 |
_aA Short History of Pakistan. _cI.H.Qureshi. |
||
| 250 | _a1st. | ||
| 260 |
_aKarachi. _bUniversity of Karachi. _c1967. |
||
| 300 | _a294p. | ||
| 500 | _aHard cover | ||
| 563 | _aH.B | ||
| 942 |
_aNBS _cBK _k954.035 QUR _2ddc |
||
| 999 |
_c348969 _d348969 |
||